[Event "XXVI Miedzynarodowy Festiwal Szachowy w Poznaniu - OPEN A"]
[Site "Poznan"]
[Date "2018-08-20"]
[Round "3.15"]
[White "Kiwilsza, Piotr"]
[Black "Bajerlein, Dawid "]
[Result "0-1"]
[WhiteTitle ""]
[BlackTitle ""]
[WhiteElo "1623"]
[BlackElo "2062"]

1. e4 c6 2. d4 d5 3. exd5 cxd5 4. Nf3 Nc6 5. c3 Nf6 6. Bf4 Bf5 7. Nbd2 e6 8. Qb3
Qc8 9. Ne5 Be7 10. Bd3 Nxe5 11. Bxf5 exf5 12. Bxe5 Qc6 13. O-O O-O 14. f3 Rfe8
15. Qc2 g6 16. Nb3 Nd7 17. Bg3 Bf6 18. Rfe1 b5 19. Qd3 Nb6 20. Nc5 a5 21. Rxe8+
Rxe8 22. Re1 Rxe1+ 23. Bxe1 Qe8 24. Kf2 Nc4 25. b3 Nd6 26. Bd2 Kg7 27. Bf4 Qe7
28. g3 b4 29. c4 dxc4 30. bxc4 Nb7 31. Nb3 a4 32. Nd2 Qd7 33. d5 Nc5 34. Qe3 Qc8
35. Bd6 b3 36. axb3 Nxb3 37. Be5 Nxd2 38. Bxf6+ Kxf6 39. Qxd2 Qc5+ 40. Kg2 Ke7
41. Qc3 a3 42. h4 h5 43. Qb3 Qa5 44. Qb7+ Kf6 45. Qc6+ Kg7 46. d6 a2 47. Qc7 Qd2+
48. Kh3 a1=Q 49. Qxf7+ Kxf7 0-1

[Event "XXVI Miedzynarodowy Festiwal Szachowy w Poznaniu - OPEN A"]
[Site "Poznan"]
[Date "2018-08-20"]
[Round "3.16"]
[White "Golek-schild, Jagoda "]
[Black "Zurawski, Kamil"]
[Result "1/2-1/2"]
[WhiteTitle ""]
[BlackTitle ""]
[WhiteElo "2033"]
[BlackElo "1690"]

1. e4 c5 2. Nf3 Nc6 3. c3 Nf6 4. e5 Nd5 5. Bc4 Nb6 6. Bb3 d5 7. exd6 Qxd6 8. Na3
Bg4 9. Nb5 Qd7 10. Qe2 e6 11. O-O Be7 12. d4 cxd4 13. Nbxd4 Nxd4 14. cxd4 O-O
15. Be3 Rac8 16. h3 Bh5 17. Rfd1 Nd5 18. g4 Bg6 19. Ne5 Qd6 20. Rac1 Bf6 21. f4
Rxc1 22. Bxc1 Rc8 23. Qb5 Nb6 24. Qe2 Nd5 1/2-1/2

[Event "XXVI Miedzynarodowy Festiwal Szachowy w Poznaniu - OPEN A"]
[Site "Poznan"]
[Date "2018-08-20"]
[Round "3.17"]
[White "Szczepaniak, Artur "]
[Black "Bednarska-bzdega, Malgorzata "]
[Result "0-1"]
[WhiteTitle ""]
[BlackTitle ""]
[WhiteElo "1677"]
[BlackElo "1984"]

1. e4 c6 2. d4 d5 3. e5 Bf5 4. Nc3 e6 5. g4 Bg6 6. Nge2 c5 7. h4 cxd4 8. Nxd4 h5
9. Be3 Bb4 10. Bb5+ Nd7 11. f4 Be4 12. Bxd7+ Qxd7 13. O-O Bxc3 14. bxc3 hxg4 15.
Qxg4 Nh6 16. Qe2 Rc8 17. Nb5 Nf5 18. Bf2 a6 19. Nd6+ Nxd6 20. exd6 Rh6 21. h5
g6 0-1

[Event "XXVI Miedzynarodowy Festiwal Szachowy w Poznaniu - OPEN A"]
[Site "Poznan"]
[Date "2018-08-20"]
[Round "3.18"]
[White "Pawlowski, Rafal "]
[Black "Sobczak, Miroslaw"]
[Result "1/2-1/2"]
[WhiteTitle ""]
[BlackTitle ""]
[WhiteElo "1791"]
[BlackElo "1955"]

1. d4 Nf6 2. Nf3 c5 3. e3 e6 4. Bd3 d5 5. c3 Nc6 6. Nbd2 Be7 7. O-O O-O 8. Re1
Qb6 9. Ne5 Nxe5 10. dxe5 Nd7 11. f4 g6 12. Qg4 f5 13. Qf3 Rf7 14. c4 Qc6 15. b3
b6 16. cxd5 exd5 17. a4 a6 18. Bb2 Bb7 19. Qf1 Nf8 20. Rad1 Ne6 21. Nf3 Rff8 22.
Be2 Rfc8 23. Rc1 Qe8 24. Red1 Rd8 25. h4 h5 26. Ng5 Qc6 27. Rd2 1/2-1/2

[Event "XXVI Miedzynarodowy Festiwal Szachowy w Poznaniu - OPEN A"]
[Site "Poznan"]
[Date "2018-08-20"]
[Round "3.19"]
[White "Kugler, Pawel"]
[Black "Szuminski, Marek "]
[Result "0-1"]
[WhiteTitle ""]
[BlackTitle ""]
[WhiteElo "1561"]
[BlackElo "1942"]

1. b3 d5 2. Bb2 e6 3. e3 Nf6 4. c4 Be7 5. cxd5 exd5 6. d3 O-O 7. Nd2 Bf5 8. Qc2
Nbd7 9. Ngf3 c5 10. a3 Rc8 11. Nh4 Be6 12. g3 d4 13. e4 b5 14. Bg2 Ne8 15. Nhf3
f5 16. exf5 Bxf5 17. O-O Nd6 18. Rfe1 Bf6 19. Ne4 Nxe4 20. dxe4 Be6 21. Rac1 Ne5
22. Nxe5 Bxe5 23. f4 d3 24. Qb1 Bxb2 25. Rcd1 Bd4+ 26. Kh1 c4 27. f5 Bd7 28. a4
a6 29. Qa2 Qa5 30. Rf1 Qc3 31. bxc4 bxc4 32. Rd2 Bxa4 33. Rf3 Bb3 0-1

[Event "XXVI Miedzynarodowy Festiwal Szachowy w Poznaniu - OPEN A"]
[Site "Poznan"]
[Date "2018-08-20"]
[Round "3.20"]
[White "Nadstoga, Wojciech "]
[Black "Szafranski, Piotr"]
[Result "1-0"]
[WhiteTitle ""]
[BlackTitle ""]
[WhiteElo "1928"]
[BlackElo "1670"]

1. Nf3 d5 2. g3 c5 3. Bg2 Nc6 4. d3 e5 5. O-O Nf6 6. c3 Be7 7. Qc2 O-O 8. e4 d4
9. h3 Be6 10. c4 a6 11. Na3 Rb8 12. Ng5 Bd7 13. f4 Ne8 14. Nf3 f6 15. f5 b5 16.
Qe2 bxc4 17. dxc4 Nd6 18. Ne1 a5 19. g4 a4 20. Rf3 Na5 21. Bf1 Bc6 22. h4 Nxe4
23. Nd3 Qc7 24. Rh3 Bd7 25. Qxe4 Bc6 26. Qe1 Bd6 27. Bd2 Nb7 28. Nb5 Bxb5 29.
cxb5 c4 30. Rc1 Rfc8 31. Nf2 Qf7 32. Ne4 Be7 33. Bb4 Bxb4 34. Qxb4 d3 35. Bg2
Qd7 36. Rxc4 Rxc4 37. Qxc4+ Kh8 38. Rxd3 1-0

[Event "XXVI Miedzynarodowy Festiwal Szachowy w Poznaniu - OPEN A"]
[Site "Poznan"]
[Date "2018-08-20"]
[Round "3.21"]
[White "Kabzinski, Jan "]
[Black "Niedbala, Wojciech "]
[Result "1/2-1/2"]
[WhiteTitle ""]
[BlackTitle ""]
[WhiteElo "1522"]
[BlackElo "1914"]

1. c4 c5 2. Nf3 Nf6 3. Nc3 e6 4. e3 Nc6 5. d4 d5 6. a3 Be7 7. dxc5 Bxc5 8. b4 Be7
9. Bb2 O-O 10. Be2 a6 11. O-O dxc4 12. Bxc4 b5 13. Ba2 Qxd1 14. Rfxd1 Bb7 15.
Rac1 Rfd8 16. Bb1 Rxd1+ 17. Rxd1 Rd8 18. Rxd8+ Nxd8 19. Nd2 Kf8 20. Nce4 Nxe4
21. Nxe4 Bxe4 22. Bxe4 f5 23. Bd3 Nc6 24. Kf1 Bd6 25. Ke2 g6 26. h3 Ke7 27. Bb1
Kd7 28. Ba2 Be7 29. f3 Bd6 30. Kd2 a5 31. bxa5 Nxa5 32. Kd3 Nc6 33. Kd2 Bc5 34.
Bb3 Kd6 35. Kd3 Na5 36. Ba2 Nc6 37. Bb3 b4 38. axb4 Bxb4 39. e4 f4 40. Bc1 e5
41. Bb2 Na5 42. Bd5 Bc5 43. Ba1 Bb6 44. Bc3 Bc7 45. Bb4+ Kd7 46. Kc3 Nc6 47. Bxc6+
Kxc6 48. Kc4 Bd8 49. Bc3 Bc7 50. Bb2 h5 51. Bc3 Bd6 52. Ba5 Be7 53. Bc3 Bf6 54.
Bb2 g5 55. Bc3 Bg7 56. Bb2 Bf6 57. Bc3 1/2-1/2

[Event "XXVI Miedzynarodowy Festiwal Szachowy w Poznaniu - OPEN A"]
[Site "Poznan"]
[Date "2018-08-20"]
[Round "3.22"]
[White "Norov, Artem "]
[Black "Czarnolewski, Piotr"]
[Result "1/2-1/2"]
[WhiteTitle ""]
[BlackTitle ""]
[WhiteElo "1905"]
[BlackElo "1634"]

1. d4 Nf6 2. c4 c5 3. d5 b5 4. cxb5 a6 5. bxa6 g6 6. Nc3 Bxa6 7. Nf3 d6 8. g3 Bg7
9. Bg2 O-O 10. O-O Nbd7 11. h3 Qc7 12. Qc2 Rfb8 13. Rd1 Nb6 14. Ne1 Nfd7 15. Bf1
Ne5 16. b3 Ned7 17. Bb2 Nf6 18. Bg2 Nbd7 19. Rab1 Ra7 20. Ne4 Rab7 21. Nxf6+ Nxf6
22. Bc3 Ra7 23. e4 Nd7 24. Bxg7 Kxg7 25. Nf3 f6 26. Nd2 Ne5 27. Bf1 Bxf1 28. Kxf1
Qa5 29. Ra1 Qb5+ 30. Kg2 Qe2 31. Re1 Qb5 32. Re3 Qb4 33. f4 Nd7 34. Nc4 Nb6 35.
Rc3 Nxc4 36. Rxc4 Qa3 37. Rc3 Qb4 38. Rc4 Qa3 39. Rc3 1/2-1/2

[Event "XXVI Miedzynarodowy Festiwal Szachowy w Poznaniu - OPEN A"]
[Site "Poznan"]
[Date "2018-08-20"]
[Round "3.23"]
[White "Tadych, Szymon "]
[Black "Simon, Marek "]
[Result "1-0"]
[WhiteTitle ""]
[BlackTitle ""]
[WhiteElo "1468"]
[BlackElo "1902"]

1. e3 Nf6 2. c4 e6 3. Nf3 b6 4. d4 Bb7 5. Nc3 Bb4 6. Bd2 Qe7 7. Bd3 Bxc3 8. Bxc3
Ne4 9. Bxe4 Bxe4 10. Nd2 Bb7 11. Qg4 f5 12. Qg3 d6 13. O-O-O Nd7 14. f3 O-O-O
15. e4 fxe4 16. fxe4 e5 17. d5 Rdf8 18. Rhf1 Kb8 19. b4 Bc8 20. Nb1 Rxf1 21. Rxf1
Rf8 22. Rxf8 Qxf8 23. Nd2 Qf6 24. Nf3 h6 25. h4 Ba6 26. b5 Bc8 27. Bb4 a5 28.
Ba3 Nf8 29. Kc2 Qf7 30. Kd3 Nd7 31. Qf2 Nf6 32. Bxd6 Nxe4 33. Qxb6+ Ka8 34. Qxa5+
Kb7 35. Qa6+ Kb8 36. Qb6+ Ka8 37. Qc6+ Bb7 38. Qxc7 Nxd6 39. Qxd6 Qf5+ 40. Kc3
Qb1 41. Nxe5 Qe1+ 42. Kb3 Qd1+ 43. Kc3 Qf1 44. Kd4 Qf2+ 45. Ke4 Qxh4+ 46. g4 Qe1+
47. Kf5 Qb1+ 48. Ke6 Bc8+ 49. Ke7 Qh7 50. Nc6 g5+ 51. Kd8 Qg8+ 52. Kc7 Qe8 53.
Qa3+ Ba6 54. Qxa6# 1-0

[Event "XXVI Miedzynarodowy Festiwal Szachowy w Poznaniu - OPEN A"]
[Site "Poznan"]
[Date "2018-08-20"]
[Round "3.24"]
[White "Stachowiak, Slawomir "]
[Black "Zurawski, Mateusz"]
[Result "1-0"]
[WhiteTitle ""]
[BlackTitle ""]
[WhiteElo "1872"]
[BlackElo "1492"]

1. e4 e6 2. d4 d5 3. Nc3 Nf6 4. e5 Nfd7 5. Nf3 c5 6. Bb5 a6 7. Bxd7+ Bxd7 8. O-O
Nc6 9. Re1 Qc7 10. Bf4 Rc8 11. Bg3 b5 12. Nxd5 Qa7 13. Nc3 Nxd4 14. Nxd4 cxd4
15. Ne4 Bc6 16. Rc1 Be7 17. Qg4 Kf8 18. Nd6 Bxd6 19. exd6 Bd5 20. Be5 f6 21. Qxd4
Qxd4 22. Bxd4 Rc6 23. b4 Ke8 24. Bc5 Bxa2 25. Ra1 Bd5 26. Re3 Kd7 27. Ra5 Ra8
28. Rea3 Bc4 29. f4 Be2 30. Kf2 Bh5 31. Rxb5 1-0

[Event "XXVI Miedzynarodowy Festiwal Szachowy w Poznaniu - OPEN A"]
[Site "Poznan"]
[Date "2018-08-20"]
[Round "3.25"]
[White "Nicikowski, Jozef"]
[Black "Kozlowski, Tomasz"]
[Result "0-1"]
[WhiteTitle ""]
[BlackTitle ""]
[WhiteElo "1459"]
[BlackElo "1858"]

1. e4 e6 2. d4 d5 3. exd5 exd5 4. Nf3 Nc6 5. c3 Bd6 6. Bd3 Bg4 7. O-O Qd7 8. Qe1+
Nge7 9. Ne5 Bxe5 10. dxe5 O-O-O 11. f3 Bf5 12. Bb5 d4 13. Bg5 Rhe8 14. Qh4 h6
15. Bxc6 bxc6 16. Bxe7 Qxe7 17. Qxe7 Rxe7 18. cxd4 Rxd4 19. f4 Bd3 20. Rf2 f6
21. Nc3 fxe5 22. fxe5 Rxe5 23. Rd1 Rd7 24. g4 c5 25. Rfd2 c4 26. b4 h5 27. Na4
Rg5 28. h3 hxg4 29. h4 Rgd5 30. Nc5 c3 31. Rxd3 c2 32. Rc1 Rxd3 33. Nxd7 Rd1+
0-1

[Event "XXVI Miedzynarodowy Festiwal Szachowy w Poznaniu - OPEN A"]
[Site "Poznan"]
[Date "2018-08-20"]
[Round "3.26"]
[White "Aleshko, Igor L"]
[Black "Poltorak, Sebastian"]
[Result "0-1"]
[WhiteTitle ""]
[BlackTitle ""]
[WhiteElo "1222"]
[BlackElo "1854"]

1. d4 Nf6 2. c4 e6 3. g3 Bb4+ 4. Bd2 Qe7 5. Bg2 Bxd2+ 6. Qxd2 d5 7. Nf3 O-O 8.
Nc3 dxc4 9. Ne5 Rd8 10. O-O c5 11. Nb5 cxd4 12. Qa5 Nc6 13. Bxc6 Rf8 14. Bf3 Bd7
15. Nxd4 Rac8 16. Rac1 Qd6 17. Nxd7 Qxd7 18. Rfd1 Rfd8 19. e3 b6 20. Qb5 Qc7 21.
Qa6 Nd5 22. a3 h6 23. Nb5 Qe5 24. Bxd5 exd5 25. Nc3 Rc7 26. Rd4 Rdd7 27. Rcd1
Rc5 28. Qc8+ 0-1

[Event "XXVI Miedzynarodowy Festiwal Szachowy w Poznaniu - OPEN A"]
[Site "Poznan"]
[Date "2018-08-20"]
[Round "3.27"]
[White "Nowak, Patrycja"]
[Black "Rozumek, Krzysztof "]
[Result "0-1"]
[WhiteTitle ""]
[BlackTitle ""]
[WhiteElo "1221"]
[BlackElo "1848"]

1. d4 Nf6 2. Nf3 d5 3. Bf4 Bf5 4. e3 c6 5. h3 e6 6. Bd3 Bxd3 7. Qxd3 Bd6 8. Bxd6
Qxd6 9. Nbd2 Nbd7 10. c3 O-O 11. O-O c5 12. Rfe1 Rfd8 13. Rad1 Qc7 14. e4 cxd4
15. Nxd4 Nc5 16. Qc2 Ncxe4 17. Nxe4 Nxe4 18. Re3 a6 19. Nb3 b5 20. a3 a5 21. Nd2
Nf6 22. Nf3 Rdc8 23. Qe2 Rab8 24. Rd4 Qb6 25. Ne5 Rb7 26. Ng4 Nxg4 27. Qxg4 Rc4
28. Rg3 g6 29. b3 Rxd4 30. Qxd4 Qxd4 31. cxd4 Rc7 32. Kf1 Rc2 33. b4 axb4 34.
axb4 Rb2 35. Rc3 Rxb4 36. Rc5 Rxd4 37. Rxb5 h5 38. Ke2 g5 39. Rb8+ Kg7 40. Re8
Ra4 41. Kd3 Kf6 42. Rh8 h4 43. Rd8 Ke5 44. Rg8 f6 45. Rf8 Ra3+ 46. Kd2 f5 47.
Re8 Ra1 48. Ke2 d4 49. Rg8 Kf4 50. g3+ hxg3 51. fxg3+ Kxg3 52. Rxg5+ Kf4 53. Rg6
e5 54. h4 Rh1 55. Rh6 e4 56. Kd2 Rh2+ 57. Kd1 d3 0-1

[Event "XXVI Miedzynarodowy Festiwal Szachowy w Poznaniu - OPEN A"]
[Site "Poznan"]
[Date "2018-08-20"]
[Round "3.28"]
[White "Duszczak, Dariusz"]
[Black "Geselle, Roman "]
[Result "1/2-1/2"]
[WhiteTitle ""]
[BlackTitle ""]
[WhiteElo "1845"]
[BlackElo "1461"]

1. e4 Nf6 2. Nc3 e5 3. f4 d6 4. Nf3 exf4 5. d4 Nh5 6. Bc4 g6 7. O-O Bg7 8. Nd5
Be6 9. Qd3 Bxd5 10. Bxd5 c6 11. Bb3 O-O 12. Bd2 b5 13. a4 bxa4 14. Rxa4 Nd7 15.
Rfa1 Qb6 16. Bb4 Ne5 17. Nxe5 Bxe5 18. Ba5 Qb7 19. dxe5 dxe5 20. Qd6 Qb5 21. Rc4
Rac8 22. Bc3 Rfe8 23. Rxa7 Qb6+ 24. Qc5 Qd8 25. Rca4 Qd1+ 26. Kf2 Nf6 27. Bxf7+
Kh8 28. Bxe5 Rxe5 29. Qxe5 Qd2+ 30. Kf1 Qd1+ 31. Kf2 Qd2+ 1/2-1/2

[Event "XXVI Miedzynarodowy Festiwal Szachowy w Poznaniu - OPEN A"]
[Site "Poznan"]
[Date "2018-08-20"]
[Round "3.29"]
[White "Glatty, Zbigniew "]
[Black "Wojdak, Karol"]
[Result "1-0"]
[WhiteTitle ""]
[BlackTitle ""]
[WhiteElo "1828"]
[BlackElo "1408"]

1. e4 e5 2. Nf3 Nc6 3. Bb5 a6 4. Ba4 b5 5. Bb3 Nf6 6. O-O Bc5 7. Nxe5 Nxe5 8. d4
Bd6 9. dxe5 Bxe5 10. f4 Bd6 11. e5 Bc5+ 12. Kh1 Ne4 13. Qd5 O-O 14. Qxe4 Rb8 15.
f5 Bb7 16. Qg4 Kh8 17. Nc3 d5 18. exd6 Bxd6 19. Ne4 Be5 20. Nc5 Bc8 21. Bg5 f6
22. Rad1 Qe7 23. Be3 Bxb2 24. Ne6 Bxe6 25. Bxe6 Rfd8 26. Rxd8+ Rxd8 27. Rd1 Be5
28. Rxd8+ Qxd8 29. Qe2 Qd6 30. Qd3 Bxh2 31. Qxd6 Bxd6 32. g4 b4 33. Kg2 g6 34.
Bh6 a5 35. Bd5 a4 36. Kf3 g5 37. Ke4 c5 38. Bc4 Be5 39. Kd5 Bd4 40. Ke6 Kg8 41.
Ke7+ Kh8 42. Kf8 1-0

[Event "XXVI Miedzynarodowy Festiwal Szachowy w Poznaniu - OPEN A"]
[Site "Poznan"]
[Date "2018-08-20"]
[Round "3.30"]
[White "Plichta, Olga"]
[Black "Wojdak, Jan"]
[Result "0-1"]
[WhiteTitle ""]
[BlackTitle ""]
[WhiteElo "1244"]
[BlackElo "1818"]

1. e4 c5 2. Nc3 Nc6 3. f4 g6 4. Nge2 Bg7 5. g3 d6 6. d3 e6 7. Bg2 Nge7 8. Bd2 O-O
9. O-O Nd4 10. Rb1 Nec6 11. a3 a5 12. Be3 Rb8 13. Bf2 b5 14. Nxd4 Nxd4 15. Ne2
Nxe2+ 16. Qxe2 Bb7 17. c3 Qc7 18. d4 cxd4 19. cxd4 Qc4 20. Qd2 b4 21. Rfc1 Qb3
22. axb4 axb4 23. Ra1 Ra8 24. Be1 Rxa1 25. Rxa1 Qc4 26. Rd1 b3 27. Bf2 Rc8 28.
Bf1 Qa4 29. Qe1 Qa2 30. Rb1 Rc2 31. Bd3 Rc8 32. Qb4 Ba6 33. Bxa6 Qxb1+ 34. Kg2
Qxe4+ 35. Kh3 Rd8 36. Qb6 Bf6 37. Bb7 Rb8 38. d5 Qxd5 39. Bxd5 Rxb6 40. Bxb6 exd5
41. Kg4 Bxb2 42. Be3 Ba1 43. Bc1 b2 44. Bxb2 Bxb2 45. Kf3 d4 46. Ke4 d5+ 47. Kd3
Kg7 48. g4 f6 49. h4 h5 50. g5 fxg5 51. fxg5 Bc1 52. Kxd4 Bxg5 0-1

[Event "XXVI Miedzynarodowy Festiwal Szachowy w Poznaniu - OPEN A"]
[Site "Poznan"]
[Date "2018-08-20"]
[Round "3.31"]
[White "Wawrzyniak, Pawel"]
[Black "Kaluzny, Jan "]
[Result "1-0"]
[WhiteTitle ""]
[BlackTitle ""]
[WhiteElo "1814"]
[BlackElo "1375"]

1. d4 d5 2. c4 e6 3. Nc3 c6 4. Nf3 Nf6 5. Bg5 Be7 6. e3 O-O 7. Qc2 Nbd7 8. Rd1
b6 9. Be2 Bb7 10. O-O c5 11. Bd3 h6 12. Bh4 dxc4 13. Bxc4 Bxf3 14. gxf3 Qc7 15.
Bg3 Qb7 16. d5 exd5 17. Nxd5 Bd8 18. Qd3 a6 19. a4 Ra7 20. Qb3 Ne8 21. Rd2 Ndf6
22. Nf4 Bc7 23. Ng6 Qxf3 24. Nxf8 Kxf8 25. Qd1 Qe4 26. Qe2 Bxg3 27. hxg3 a5 28.
Rfd1 Qc6 29. Bb3 Qc7 30. Rd8 g6 31. Qf3 Qe7 32. Rb8 Nd7 33. Rb7 Rxb7 34. Qxb7
1-0

[Event "XXVI Miedzynarodowy Festiwal Szachowy w Poznaniu - OPEN A"]
[Site "Poznan"]
[Date "2018-08-20"]
[Round "3.32"]
[White "Aleshko, Margarita "]
[Black "Polarczyk, Pawel "]
[Result "1-0"]
[WhiteTitle ""]
[BlackTitle ""]
[WhiteElo "1219"]
[BlackElo "1811"]

1. e4 e6 2. d4 d5 3. e5 c5 4. c3 Nc6 5. Be3 Qb6 6. Qd2 cxd4 7. cxd4 Nge7 8. Nf3
Bd7 9. Nc3 Nf5 10. Be2 Bb4 11. O-O Na5 12. Rab1 Rc8 13. a3 Bxc3 14. bxc3 Qc7 15.
Rfc1 Nc4 16. Bxc4 dxc4 17. Bg5 Bc6 18. Nh4 Ne7 19. Qe2 h6 20. Bd2 Qa5 21. Ra1
g5 22. Nf3 Bxf3 23. Qxf3 Qd5 24. Qh5 Ng6 25. f3 Nxe5 26. Bxg5 Ng6 27. Rab1 b6
28. h4 hxg5 29. Qxg5 Qxg5 30. hxg5 Rh5 31. Rb5 Nf4 32. Re1 Nd5 33. Rxd5 Ke7 34.
Rde5 Rg8 35. f4 Rh4 36. R1e4 Kd6 37. a4 Rgh8 38. a5 Rh1+ 39. Kf2 Rc1 40. Re3 Rc2+
41. Kf3 Rh2 42. g3 Rhf2+ 43. Kg4 Rfd2 44. g6 fxg6 45. Rxe6+ Kc7 46. axb6+ axb6
47. Rxg6 Kb7 48. Ree6 Rb2 49. Rc6 Rd3 50. Rxc4 Rc2 51. Rb4 Rcxc3 52. Rbxb6+ Kc7
53. Kh4 Rxd4 54. Rbf6 Rd7 55. g4 Rh7+ 56. Rh6 Rd7 57. f5 Kd8 58. Rd6 Rxd6 59.
Rxd6+ Ke7 60. Re6+ Kf7 61. Kg5 Rg3 62. Kf4 Rg1 63. g5 Rf1+ 64. Ke5 Re1+ 65. Kd6
Rd1+ 66. Kc7 Rc1+ 67. Rc6 Rf1 68. Rf6+ Kg7 69. Kd7 Rg1 70. Rg6+ Kf7 71. Rf6+ Kg7
72. Ke8 Rxg5 73. Rf7+ Kg8 74. f6 Ra5 75. Rd7 Ra8+ 76. Ke7 Rf8 77. Ke6 Re8+ 78.
Re7 Rf8 79. Kf5 Ra8 80. Kg6 Kh8 81. Rh7+ Kg8 82. f7+ 1-0

[Event "XXVI Miedzynarodowy Festiwal Szachowy w Poznaniu - OPEN A"]
[Site "Poznan"]
[Date "2018-08-20"]
[Round "3.33"]
[White "Szymanski, Zbigniew"]
[Black "Nowak, Roksana "]
[Result "1-0"]
[WhiteTitle ""]
[BlackTitle ""]
[WhiteElo "1804"]
[BlackElo "1329"]

1. d4 Nf6 2. Nf3 g6 3. c4 Bg7 4. Nc3 O-O 5. g3 d6 6. Bg2 Nbd7 7. O-O Re8 8. e4
e5 9. Re1 exd4 10. Nxd4 Ne5 11. b3 Bd7 12. Bb2 Nc6 13. Nd5 a6 14. Qd2 Nxd4 15.
Bxd4 Bc6 16. Rac1 Bxd5 17. cxd5 Nd7 18. Bxg7 Kxg7 19. Qc3+ Kg8 20. Qxc7 Nc5 21.
Qxd8 Raxd8 22. Re3 a5 23. f4 b6 24. e5 Re7 25. Kf2 Rde8 26. Rce1 dxe5 27. d6 Re6
28. fxe5 Rd8 29. Bd5 Ree8 30. Bc4 Kf8 31. Rf3 Ne6 32. Rf6 Kg7 33. Bxe6 fxe6 34.
Rc1 Rd7 35. Rc6 Rb7 36. Ke3 g5 37. Kd4 h5 38. Kc4 b5+ 39. Kc5 a4 40. Rc7+ Rxc7+
41. dxc7 axb3 42. axb3 b4 43. Kc6 h4 44. Kd7 Rh8 45. c8=Q Rxc8 46. Kxc8 hxg3 47.
hxg3 g4 48. Kd7 Kg8 49. Kxe6 Kg7 50. Kf5 Kh7 51. Kg5 Kh8 52. Kg6 Kg8 53. e6 Kh8
54. Rf8# 1-0

[Event "XXVI Miedzynarodowy Festiwal Szachowy w Poznaniu - OPEN A"]
[Site "Poznan"]
[Date "2018-08-20"]
[Round "3.34"]
[White "Kierska, Pola"]
[Black "Lesien, Przemyslaw "]
[Result "0-1"]
[WhiteTitle ""]
[BlackTitle ""]
[WhiteElo "1070"]
[BlackElo "1793"]

1. e4 c5 2. Nc3 a6 3. f4 e6 4. Nf3 d5 5. exd5 exd5 6. Qe2+ Ne7 7. Qf2 d4 8. Ne4
Qd5 9. d3 b5 10. Ng3 Nbc6 11. Bd2 g6 12. h3 Bg7 13. Qe2 O-O 14. Qe4 Re8 15. Be2
Qd6 16. Kf2 f5 17. Qxc6 Nxc6 18. Rhe1 Bb7 19. Bf1 a5 20. Kg1 Nb4 21. Bxb4 axb4
22. Rxe8+ Rxe8 23. Ne2 Bxf3 24. gxf3 Bh6 25. Bg2 Rxe2 26. Kf1 Rxc2 27. b3 Qxf4
28. Re1 Qd2 29. Re8+ Kf7 30. Kg1 Qxg2# 0-1

[Event "XXVI Miedzynarodowy Festiwal Szachowy w Poznaniu - OPEN A"]
[Site "Poznan"]
[Date "2018-08-20"]
[Round "3.35"]
[White "Wloch, Mikolaj "]
[Black "Korzystka, Wiktor"]
[Result "1-0"]
[WhiteTitle ""]
[BlackTitle ""]
[WhiteElo "1772"]
[BlackElo "1261"]

1. e4 e5 2. Nf3 Nc6 3. d4 exd4 4. Bc4 Nf6 5. O-O d5 6. exd5 Nxd5 7. Nxd4 Nxd4 8.
Qxd4 Be6 9. Re1 Ne7 10. Qxd8+ Rxd8 11. Bxe6 fxe6 12. Nc3 Kf7 13. Bf4 Nd5 14. Nxd5
Rxd5 15. Bxc7 Rc5 16. Be5 Rxc2 17. Rac1 Rxc1 18. Rxc1 Be7 19. Rc7 Rd8 20. Kf1
Rd5 21. Bxg7 Rb5 22. Bd4 a6 23. a4 Rd5 24. Bc3 Ke8 25. Rxb7 Rf5 26. f3 e5 27.
Bb4 Bf6 28. Bc3 e4 29. Bxf6 Rxf6 30. Kf2 exf3 31. gxf3 Rh6 32. Kg3 Rg6+ 33. Kh3
Rh6+ 34. Kg2 Rg6+ 35. Kh1 h6 36. a5 Rg5 37. b4 Rf5 38. Kg2 Rg5+ 39. Kf2 Rh5 40.
Rb6 Rxh2+ 41. Ke3 Rb2 42. Kd4 h5 43. Kc4 Rc2+ 44. Kd5 h4 45. Rxa6 h3 46. Rh6 h2
47. Kd6 Rd2+ 48. Kc6 Ke7 49. Rh7+ Ke6 50. a6 Rd6+ 51. Kb5 Rd5+ 52. Ka4 Rd2 53.
Ka5 Ra2+ 54. Kb6 Kd6 55. a7 Ke5 56. Rxh2 Ra3 57. Kb7 Rxf3 58. a8=Q Rf7+ 59. Kb6
Rf6+ 60. Kc5 Rf4 61. Qe8+ Kf6 62. Rh6+ Kg7 63. Rg6+ Kh7 64. Qg8# 1-0

[Event "XXVI Miedzynarodowy Festiwal Szachowy w Poznaniu - OPEN A"]
[Site "Poznan"]
[Date "2018-08-20"]
[Round "3.39"]
[White "Roszkiewicz, Anna"]
[Black "Muller, Marcin "]
[Result "1-0"]
[WhiteTitle ""]
[BlackTitle ""]
[WhiteElo "1750"]
[BlackElo "1351"]

1. e4 b6 2. d4 e6 3. Bd3 Bb7 4. Nf3 h6 5. Be3 d6 6. Nc3 c6 7. Qe2 Ne7 8. O-O Nd7
9. Rfe1 Qc7 10. h3 g6 11. a4 a5 12. Rad1 f5 13. exf5 gxf5 14. Bf4 Ng6 15. Qxe6+
Ne7 16. Bxd6 Qd8 17. Qg6# 1-0

[Event "XXVI Miedzynarodowy Festiwal Szachowy w Poznaniu - OPEN A"]
[Site "Poznan"]
[Date "2018-08-20"]
[Round "3.40"]
[White "Stochnialek, Dominika"]
[Black "Kaluzny, Stanislaw "]
[Result "1/2-1/2"]
[WhiteTitle ""]
[BlackTitle ""]
[WhiteElo "1725"]
[BlackElo "1321"]

1. e4 c5 2. Nf3 Nc6 3. d4 cxd4 4. Nxd4 d6 5. c4 Nf6 6. Nc3 e5 7. Nc2 a6 8. Be2
Be7 9. Be3 Qc7 10. O-O O-O 11. f3 Be6 12. Nd5 Bxd5 13. cxd5 Na5 14. b3 b5 15.
Rc1 Nb7 16. Nb4 Qd7 17. Nc6 Rfc8 18. Rc2 Nh5 19. Qc1 Kf8 20. Qd2 Bf6 21. g4 Nf4
22. Bxf4 exf4 23. Qxf4 Nd8 24. Rfc1 h6 25. Qg3 Kg8 26. Kg2 g5 27. Qf2 Nxc6 28.
Rxc6 Rxc6 29. dxc6 Qc7 30. a4 bxa4 31. bxa4 Be5 32. Bc4 Kg7 33. Bd5 Rb8 34. Rc2
Rb4 35. Ra2 Rd4 36. Qe2 Qa5 37. Qc2 Qc7 38. Qb3 Qa5 39. Qc2 Qc7 40. a5 Rb4 41.
Qd3 Rb5 42. Qd2 Rc5 43. Qe2 Rxa5 44. Rxa5 Qxa5 45. Qa2 Qc5 46. Qc4 Qa5 47. Qc2
Qc7 48. Qa2 a5 49. Qb3 Bd4 50. Qb7 Bb6 51. Qxc7 Bxc7 52. Kf1 Kf6 53. Ke2 Ke5 54.
Bxf7 Kd4 55. Kd2 a4 1/2-1/2

[Event "XXVI Miedzynarodowy Festiwal Szachowy w Poznaniu - OPEN A"]
[Site "Poznan"]
[Date "2018-08-20"]
[Round "3.41"]
[White "Dopierala, Adam"]
[Black "Weglarz, Janusz"]
[Result "1/2-1/2"]
[WhiteTitle ""]
[BlackTitle ""]
[WhiteElo "1305"]
[BlackElo "1707"]

1. e4 c5 2. Nf3 d6 3. d4 cxd4 4. Nxd4 Nf6 5. Nc3 g6 6. Be2 Bg7 7. O-O O-O 8. Re1
Nc6 9. Nb3 a6 10. Bf1 b5 11. Bg5 h6 12. Bh4 Bb7 13. Nd5 g5 14. Bg3 e5 15. c4 b4
16. f3 Rb8 17. Bf2 Nxd5 18. cxd5 Ne7 19. a3 bxa3 20. Rxa3 Ra8 21. Qa1 Qd7 22.
Nd2 Rfb8 23. Nc4 Nc8 24. Na5 Bf8 25. Rb1 Ne7 26. Nxb7 Qxb7 27. Rxa6 Rxa6 28. Qxa6
Qb4 29. Qc4 f5 30. Bd3 f4 31. Qxb4 Rxb4 32. b3 Kf7 33. Kf1 Ke8 34. Ke2 Kd7 35.
Kd2 Nc8 36. Kc3 Rb8 37. b4 Be7 38. b5 Bd8 39. Ra1 Nb6 40. Kd2 Ra8 41. Ra6 Rb8
42. Ke2 Bc7 43. Kf1 Kc8 44. g3 Kb7 45. Kg2 Rg8 46. h3 h5 47. Ra1 Ra8 48. Ra6 Rxa6
49. bxa6+ Kb8 50. Bxb6 Bxb6 51. gxf4 gxf4 52. h4 Kc7 53. Bb5 Kd8 54. Kf1 Bc5 55.
Ke2 Bb6 56. Bc6 Kc8 57. Be8 Kb8 58. Bxh5 Bd8 59. Be8 Bxh4 60. Bc6 Ka7 61. Bb7
Kb6 62. Kd3 Bf2 63. Kc4 Ka5 1/2-1/2

[Event "XXVI Miedzynarodowy Festiwal Szachowy w Poznaniu - OPEN A"]
[Site "Poznan"]
[Date "2018-08-20"]
[Round "3.42"]
[White "Hoffmann, Piotr"]
[Black "Purczynski, Andrzej"]
[Result "1-0"]
[WhiteTitle ""]
[BlackTitle ""]
[WhiteElo "1649"]
[BlackElo "1235"]

1. Nc3 e6 2. e4 Nf6 3. e5 Nd5 4. Nf3 d6 5. d4 Nc6 6. Bb5 Bd7 7. O-O a6 8. Bc4 h6
9. Nxd5 exd5 10. Bxd5 dxe5 11. Nxe5 Be6 12. Bxe6 fxe6 13. Qh5+ Ke7 14. Ng6+ Kd7
15. Nxh8 Qf6 16. Qf7+ Be7 17. Qxf6 Bxf6 18. Ng6 Rd8 19. Ne5+ Nxe5 20. dxe5 Bxe5
21. Be3 Bxb2 22. Rad1+ Kc8 23. Rxd8+ Kxd8 24. Rd1+ Ke7 25. Bd4 Bxd4 26. Rxd4 1-0

[Event "XXVI Miedzynarodowy Festiwal Szachowy w Poznaniu - OPEN A"]
[Site "Poznan"]
[Date "2018-08-20"]
[Round "3.43"]
[White "Trochimowicz, Bartosz"]
[Black "Hoffmann, Kacper "]
[Result "1/2-1/2"]
[WhiteTitle ""]
[BlackTitle ""]
[WhiteElo "1302"]
[BlackElo "1569"]

1. d4 d5 2. Bg5 Nf6 3. e3 e6 4. Bd3 c5 5. c3 Nc6 6. f4 Be7 7. Nd2 c4 8. Bc2 b5
9. Ngf3 Ng4 10. Bxe7 Qxe7 11. Qe2 a5 12. O-O a4 13. h3 Nf6 14. Ne5 Bd7 15. a3
g6 16. g4 O-O-O 17. Rac1 Nxe5 18. dxe5 Ne8 19. Nf3 Nc7 20. Nd4 f5 21. Qg2 h5 22.
Nf3 hxg4 23. hxg4 Rdg8 24. Kf2 Na6 25. Rh1 Nc5 26. Ke2 Kc7 27. g5 Qg7 28. Rxh8
Rxh8 29. Rh1 Rxh1 30. Qxh1 Be8 31. Qh6 Qf7 32. Qh8 Kd7 33. Qf6 Kc7 34. Nd2 Qd7
35. Qf8 Na6 36. Nf3 Kd8 37. Nd4 Kc7 38. Qf6 Nc5 39. Nf3 Qf7 40. Kd2 Nd7 41. Qh8
Nc5 1/2-1/2